000 00734nam a2200193Ia 4500
003 GCL
008 140319s9999 xx 000 0 ara d
040 _aGCL /
_cGCL
082 0 4 _a811.9
_bع ق
100 1 _aعبدالقادر القط
245 1 0 _aقصيدة النثر بين النقد والابداع: احتفالية الشاعر محمد حسن فقى /
_cعبدالقادر القط
300 _a59 ص
490 _aالهيئة العامة للاستعلامات
_v0
650 0 4 _aالادب العربى
650 0 4 _aالشعر العربى - تاريخ ونقد
650 0 4 _aالشعر العربى - دواوين وقصائد
650 0 4 _aالشعر العربى - العصر الحديث
942 _2ddc
_cBK
999 _c50142
_d50142